Women in Zambia : (Record no. 162121)
[ view plain ]
| 000 -LEADER | |
|---|---|
| fixed length control field | 01105cam a22002655a 4500 |
| 008 - FIXED-LENGTH DATA ELEMENTS--GENERAL INFORMATION | |
| fixed length control field | |
| 020 ## - INTERNATIONAL STANDARD BOOK NUMBER | |
| International Standard Book Number | 0797417605(pbk.) |
| 049 ## - LOCAL HOLDINGS (OCLC) | |
| Holding library | MAIN |
| -- | (28697) |
| 090 ## - LOCALLY ASSIGNED LC-TYPE CALL NUMBER (OCLC); LOCAL CALL NUMBER (RLIN) | |
| Classification number (OCLC) (R) ; Classification number, CALL (RLIN) (NR) | HQ1801.5 |
| 003 - CONTROL NUMBER IDENTIFIER | |
| control field | |
| 005 - DATE AND TIME OF LATEST TRANSACTION | |
| control field | 20230123134223.0 |
| 040 ## - CATALOGING SOURCE | |
| Transcribing agency | NUST |
| 100 ## - MAIN ENTRY--PERSONAL NAME | |
| Personal name | Siame, Mercy |
| 245 00 - TITLE STATEMENT | |
| Title | Women in Zambia : |
| Remainder of title | a profile of women in Zambia / |
| Statement of responsibility, etc. | written by Mercy Siame ... [et al.]. |
| 246 30 - VARYING FORM OF TITLE | |
| Title proper/short title | Profile of women in Zambia |
| 260 ## - PUBLICATION, DISTRIBUTION, ETC. | |
| Place of publication, distribution, etc. | Lusaka, Zambia : |
| Name of publisher, distributor, etc. | Zambia Association for Research and Development ; |
| Place of publication, distribution, etc. | Harare, Zimbabwe : |
| Name of publisher, distributor, etc. | Southern African Research and Documentation Centre, Women in Development Southern Africa Awareness, |
| Date of publication, distribution, etc. | 1998. |
| 300 ## - PHYSICAL DESCRIPTION | |
| Extent | 104 p. : |
| Other physical details | col. ill., col. maps ; |
| Dimensions | 26 cm. |
| 440 #0 - SERIES STATEMENT/ADDED ENTRY--TITLE | |
| Title | Beyond inequalities |
| 504 ## - BIBLIOGRAPHY, ETC. NOTE | |
| Bibliography, etc. note | Includes bibliographical references (p. 89-96). |
| 700 1# - ADDED ENTRY--PERSONAL NAME | |
| Personal name | Siame, Mercy. |
| 710 2# - ADDED ENTRY--CORPORATE NAME | |
| Corporate name or jurisdiction name as entry element | Zambia Association for Research and Development. |
| 710 2# - ADDED ENTRY--CORPORATE NAME | |
| Corporate name or jurisdiction name as entry element | Southern African Research and Documentation Centre. |
| Subordinate unit | Women in Development Southern Africa Awareness. |
| 907 ## - LOCAL DATA ELEMENT G, LDG (RLIN) | |
| a | .b10206279 |
| b | 28-06-06 |
| c | 28-06-06 |
| 942 ## - ADDED ENTRY ELEMENTS (KOHA) | |
| Koha item type | Ordinary Loan Books |
| Call number prefix | HQ1801.5 |
| Date last seen | Total Checkouts | Full call number | Barcode | Cost, replacement price | Price effective from | Koha item type | Lost status | Source of classification or shelving scheme | Damaged status | Not for loan | Collection | Withdrawn status | Home library | Current library | Shelving location | Date acquired | Cost, normal purchase price |
|---|---|---|---|---|---|---|---|---|---|---|---|---|---|---|---|---|---|
| 01/23/2023 | HQ1801.5 SIA | 92004002732 | 80.00 | 01/23/2023 | BOOKS | LCC | NFIC | MAIN | MAIN | GEN | 01/23/2023 | 80.00 |